BSOP header

Kaloob/Pista : (Record no. 27928)

MARC details
000 -LEADER
fixed length control field 00594nam a2200157 4500
008 - FIXED-LENGTH DATA ELEMENTS--GENERAL INFORMATION
fixed length control field 061023s ph eng
090 ## - LOCALLY ASSIGNED LC-TYPE CALL NUMBER (OCLC); LOCAL CALL NUMBER (OCLC)
Classification number (OCLC) (R) ; Classification number, CALL (RLIN) (NR) ML3758.P5
Local cutter number (OCLC) ; Book number/undivided call number, CALL (RLIN) D33k
110 2# - MAIN ENTRY--CORPORATE NAME
Corporate name or jurisdiction name as entry element Day by Day Christian Center
245 10 - TITLE STATEMENT
Title Kaloob/Pista :
Remainder of title Philippine music and dance ministry [videorecording] /
Statement of responsibility, etc Day by Day Christian Center
260 ## - PUBLICATION, DISTRIBUTION, ETC. (IMPRINT)
Place of publication, distribution, etc Makati City :
Name of publisher, distributor, etc Day by Day Christian Ministries,
Date of publication, distribution, etc
300 ## - PHYSICAL DESCRIPTION
Extent 1 compact disc ;
Dimensions sd. col. 4 3/4
500 ## - GENERAL NOTE
General note CD format
650 #4 - SUBJECT ADDED ENTRY--TOPICAL TERM
Topical term or geographic name as entry element Folk dance
Geographic subdivision Philippines.
650 #4 - SUBJECT ADDED ENTRY--TOPICAL TERM
Topical term or geographic name as entry element Folk music
Geographic subdivision Philippines.
951 ## - EQUIVALENCE OR CROSS-REFERENCE-GEOGRAPHIC NAME/AREA NAME [OBSOLETE] [CAN/MARC only]
-- R-280
-- ML3758.P5/D33k
-- 070613111617250
-- 2000-12-21
-- CD
Holdings
Withdrawn status Lost status Damaged status Not for loan Home library Current library Shelving location Date acquired Accession number Shelving control number Total Checkouts Full call number Date last seen Price effective from Koha item type
        BSOP Library BSOP Library   12/21/2000 R-280 127   ML3758.P5/D33k 02/23/2013 02/23/2013 Books
BSOP

Biblical Seminary of the Philippines
  All rights Reserved
  © 2024

CONTACT INFORMATION

Biblical Seminary of the Philippines,
  77-B Karuhatan Road, Valenzuela City,
  PHILIPPINES 1441
  Phone: +632 8292-6795 / 8292-6798
  Fax : +632 8292-6675
  Email: library@bsop.edu.ph